00468nam a22001577a 450000500170000001000150001702000260003203500130005803700130007108200060008410000210009024500700011126000440018127000630022530000220028820100821123652.0 aENG-101176 a9788124115084c250.00 aEN-84709 bDBAD/PUB aS aPeerbhoy, Sadiqa aMadonna of Mumbai cats :band other stories /cby Sadiqa Peerbhoy aNew DelhibHar-Anand Publicationsc2010 aE-49/3, Okhla Industrial Area, Phase-IIbNew Delhie110020 a147p.c22cm (pbk)